| 000 | 00494nam a2200145Ia 4500 | ||
|---|---|---|---|
| 008 | 230917s9999||||xx |||||||||||||| ||und|| | ||
| 040 |
_e182509 _aMAIN |
||
| 041 | _aEnglish | ||
| 082 | _a891.4317109 BD469:PH | ||
| 100 | _aपाण्डेय, हरिवंश | ||
| 245 | 0 | _aधर्मवीर भारतीः चिंतन और अभिव्यक्ति | |
| 260 |
_aकानपुर _bअतुल प्रकाशन _c1991 |
||
| 300 | _a329 पृ. p. | ||
| 942 | _cHN | ||
| 999 |
_c69928 _d69928 |
||